000 01248nam a2200313 i 4500
001 195295
003 SpMaBN
005 20250318063120.0
008 230124s2023 sp | |||| 000 spa
015 _aMON23
017 _aB 1834-2023
_bOficina Depósito Legal Barcelona
020 _a9788416783113
040 _aSpMaBN
_bspa
_cSpMaBN
_erda
_dES-MaACL
100 _aMaceda Granja, Pío
_9236844
_eaut
245 _aFundación, cooperación y educación :
_bprimeros pasos de Save the Children y Ensenyaments Solidaris /
_cPío Maceda Granja.
250 _aPrimera edición: enero 2023
260 _aRomanyà Valls:
_bLaertes,
_c2023.
300 _a170 páginas :
_c20 cm.
336 _aTexto
_2rdacontent
337 _asin mediación
_2rdamedia
338 _avolumen
_2rdacarrier
650 4 _915761
_aOrganizaciones no gubernamentales
852 _aES-MaACL
_cDEPOJ
_jN-8919
_xEncuadernación rústica
_hDonación: Editorial
_9204797
942 _cMONOGRAFIA
_n0
999 _c195295
_d195295